000 00513nam a2200181Ia 4500
008 090123s9999 xx 000 0 und d
082 _b35
_a891.463/फडके
100 _aफडके ना. सी.
245 _aप्रवासी
250 _a2
260 _bकुलकर्णी अ.अ.
_c1960
300 _a150
600 _aफडके ना. सी.
630 _aप्रवासी
700 _aफडके ना. सी.
730 _aप्रवासी
942 _cBOOK
999 _c38124
_d38124